| 000 | 00434nam a2200169Ia 4500 | ||
|---|---|---|---|
| 008 | 100319t2009 xxu||||| |||| 00| 0 sin d | ||
| 041 | _asin | ||
| 080 |
_aX8S31 _bRAT |
||
| 100 | _aRathnayaka, Yawwana Sameendra | ||
| 245 | _aදයාබර නෝටි | ||
| 246 | _aDayabara Naughty | ||
| 260 |
_bTashen _aMonaragala _c2009 |
||
| 300 | _a232p., 16 cm | ||
| 942 | _cBK | ||
| 999 |
_c73223 _d73223 |
||
| 003 | LK-CoDNM | ||
| 040 |
_aLK-CoDNM _dLK-CoDNM _eLK-CoDNM |
||